Boo! / (Record no. 1743)

MARC details
000 -LEADER
fixed length control field 00903cam a2200277 a 4500
005 - DATE AND TIME OF LATEST TRANSACTION
control field 20250327090844.0
020 ## - INTERNATIONAL STANDARD BOOK NUMBER
International Standard Book Number 0439623316 (pbk.)
040 ## - CATALOGING SOURCE
Original cataloging agency DLC
Transcribing agency DLC
Modifying agency DLC
Language of cataloging eng
050 00 - LIBRARY OF CONGRESS CALL NUMBER
Classification number PZ7.M927
Item number Bo 2004
082 00 - DEWEY DECIMAL CLASSIFICATION NUMBER
Classification number 543
Edition number 22
100 1# - MAIN ENTRY--PERSONAL NAME
Personal name Munsch, Robert N.,
Dates associated with a name 1945-
245 10 - TITLE STATEMENT
Title Boo! /
Statement of responsibility, etc. by Robert Munsch ; illustrated by Michael Martchenko.
260 ## - PUBLICATION, DISTRIBUTION, ETC.
Place of publication, distribution, etc. New York :
Name of publisher, distributor, etc. Scholastic,
Date of publication, distribution, etc. 2004.
300 ## - PHYSICAL DESCRIPTION
Extent 30 pages :
Other physical details color illustrations ;
Dimensions 21 cm.
500 ## - GENERAL NOTE
General note "Cartwheel books."
505 ## - FORMATTED CONTENTS NOTE
Formatted contents note N<br/>
520 ## - SUMMARY, ETC.
Summary, etc. Lance goes trick-or-treating with such a scary face that he is able to help himself to all his neighbors' candy.
521 ## - TARGET AUDIENCE NOTE
Target audience note 540<br/>
Source Lexile <br/>
521 ## - TARGET AUDIENCE NOTE
Target audience note N<br/>
Source Raz-Plus <br/>
650 #1 - SUBJECT ADDED ENTRY--TOPICAL TERM
Topical term or geographic name entry element Halloween
Form subdivision Fiction.
650 #1 - SUBJECT ADDED ENTRY--TOPICAL TERM
Topical term or geographic name entry element Fear
Form subdivision Fiction.
700 1# - ADDED ENTRY--PERSONAL NAME
Personal name Martchenko, Michael,
Relator term illustrator
906 ## - LOCAL DATA ELEMENT F, LDF (RLIN)
a 7
b cbc
c orignew
d 1
e ecip
f 20
g y-gencatlg
942 ## - ADDED ENTRY ELEMENTS (KOHA)
Source of classification or shelving scheme Dewey Decimal Classification
Koha item type Books
Suppress in OPAC No
999 ## -
-- 1743
-- 1743
Holdings
Withdrawn status Lost status Source of classification or shelving scheme Damaged status Not for loan Home library Current library Shelving location Date acquired Total Checkouts Full call number Barcode Date last seen Price effective from Koha item type Collection Date last checked out Copy number
    Dewey Decimal Classification     Footprints International School Library Network Toul Kork Campus Footprints International School Library Network Toul Kork Campus TK Primary Library Room(4th Floor), Bookcase 3&4, Shelves 17-32, Yellow Books 09/26/2023   Munsch FISTK02367 09/26/2023 09/26/2023 Books      
    Dewey Decimal Classification     Footprints International School Library Network Toul Tom Poung Campus Footprints International School Library Network Toul Tom Poung Campus TTP Primary Yellow Bookshelves 03/27/2025 1 Munsch 2025-0829 11/14/2025 03/27/2025 Books Juvenile Fiction 10/31/2025 2